| 000 | 00427nam a2200157Ia 4500 | ||
|---|---|---|---|
| 003 | GCL | ||
| 008 | 140319s9999 xx 000 0 eng d | ||
| 040 |
_aGCL / _cGCL |
||
| 082 | 0 | 4 |
_a863 _bC V |
| 100 | 1 | _aCELO, CAMILA JOSE | |
| 245 | 1 | 0 |
_aVISPERAS, FESTIVIDAD YOCTAVA DESAN CAMITO / _cCELO, CAMILA JOSE |
| 260 |
_a[S.N] : _bEL LIBRO DE BOLSILLO ، _c1982 |
||
| 300 | _a335 | ||
| 650 | 0 | 4 | _aSPANISH LITERATURE |
| 942 |
_2ddc _cBK |
||
| 999 |
_c10601 _d10601 |
||